000 01067cam a2200229 4500
001 ##L132055
008 051222n2004 000 0 eng u
020 _a0860176339
035 _a(Sirsi) u132055
041 0 _aeng
050 _a691 $2 18
100 1 _aKersey, J.
245 0 0 _aSustainable construction
_bimplementing targets and indicators
_bexperiences from CIRIA's Pioneers Club
260 _aLondon
_bCIRIA
_c2004
300 _a121p.
_bill, charts
_c30cm.
490 0 _aCIRIA
_vC633
490 0 _aCIRIA Research Project
_v644
520 _aReport following CIRIA Research Project 644 "Sustainable construction targets and indicators". Describes the trialling of a set of key performance indicators for sustainable construction and distils the lessons learned to enable their dissemination to the wider industry. Uses a club of 10 major companies to share information from their extensive experiences.
690 _aBUILT ENVIRONMENT-SUSTAINABLE CONSTRUCTION
710 2 _aConstruction Industry Research and Information Association
_94810
942 _n0
999 _c104996
_d104996